000 00618nam a2200229Ia 4500
003 OSt
005 20230508101013.0
008 210423s2011 xx 000 0 und d
020 _a8181477898
040 _cAL
041 _aeng
082 _a530 LANL
_223
100 _aLANDAU (L D);LIFSHITZ (E M).
_999784
245 _aCourse of theoretical physics: V4-quantum electrodynamics.
250 _a2
260 _aUK
_bButterworth Heinemann
_c2011
300 _axv,652
_bPB
365 _b1095
_cINR
440 _v4
906 _aCourse ; electrodynamics. ; physics: ; theoretical ; V4-quantum
942 _2ddc
_cBK
999 _c162406
_d162406